Continental Geography Match Quiz Stats

Quiz Updated Sep 9, 2015

Challenge
Share
Tweet
Score 0/7 Timer 03:00
9 Plays Today
% Correct
North America
89.1%
Africa
88.9%
South America
76.5%
Asia
70.2%
Europe
28.4%
Oceania
22.6%
Antarctica
18.9%

You're not logged in!

Compare scores with friends on all Sporcle quizzes.
Join for Free
OR
Log In

You Might Also Like...

Show Comments

Extras

Top Quizzes Today


Score Distribution

Your Account Isn't Verified!

In order to create a playlist on Sporcle, you need to verify the email address you used during registration. Go to your Sporcle Settings to finish the process.

Report this User

Report this user for behavior that violates our Community Guidelines.

Details: